Statistics for Countries Settled by the Ancient Greeks

Click here to take the quiz!

General Stats

  • This quiz has been taken 33,581 times
    (31,915 since last reset)
  • The average score is 15 of 18

Answer Stats

Country% Correct
Italy
97%
Turkey
97%
Egypt
92%
Greece
91%
Albania
90%
Bulgaria
87%
France
87%
Spain
87%
Cyprus
85%
Croatia
84%
Romania
83%
Libya
80%
Malta
76%
Russia
75%
Ukraine
73%
Montenegro
72%
Georgia
65%
Monaco
58%

Score Distribution

Percentile by Number Answered

Percent of People with Each Score

Your Score History

You have not taken this quiz since the last reset